| 000 | 00826nam a22002297a 4500 | ||
|---|---|---|---|
| 003 | OSt | ||
| 005 | 20210420050849.0 | ||
| 008 | 201120s2014 ||||| |||| 00| 0 spa d | ||
| 020 | _a9788497783040 | ||
| 040 |
_aspa _beng _cDLC |
||
| 041 | _aspa | ||
| 080 |
_a811.134.2 _bL-85 |
||
| 100 |
_9204 _aLobato, Sanchez Jesus |
||
| 245 |
_aNuevo Espanol 2000 / New Spanish _b: Libro del Alumno / Student Book, Nivel Medio / Intermediate _c/ by: Sociedad General Espanola de Libreria / Sociedad General Spanish Library |
||
| 250 | _a10th edition | ||
| 260 |
_aMadrid _bSociedad General Espanola de Libreria / Sociedad General Spanish Library _c2014 |
||
| 300 |
_a259 p. ill. _b1 CD |
||
| 650 | 0 |
_9202 _aSpanish Language |
|
| 653 | _aესპანური ენა | ||
| 700 |
_9205 _aFernandez, Garcia Nieves |
||
| 942 |
_2udc _cBK _e10 |
||
| 999 |
_c414 _d414 |
||